000 00355 a2200169 4500
001 49364
020 _a8526243721
040 _cAnchieta - Bela Vista
100 _aEscudié, René
240 1 0 _aO treco de Noá
_l
245 1 0 _aO treco de Noá
300 _a61
362 0 _a2002
440 1 _aScipione
650 4 _aLiteratura juvenil
942 _cBK
999 _c49364
_d49364